[Event "26th WSCC 2016 Open 65+"]
[Site "Marianske Lazne, Czech Republic - Hotel Cristal and Continental"]
[Date "2016.11.23"]
[Round "5.91"]
[White "Schmieder, Siegfried"]
[Black "Dalling, Peter"]
[Result "0-1"]
[WhiteElo "2052"]
[BlackElo "1817"]
[PlyCount "24"]
[EventDate "2016.11.19"]

1. e4 e5 2. Nc3 Nf6 3. Bc4 Nc6 4. f4 Bc5 5. Nf3 d6 6. d3 Ng4 7. Qe2 Bf2+ 8. Kd1
Nd4 9. Qf1 Be3 10. fxe5 O-O 11. Nxd4 Bxd4 12. Ne2 Bxb2 0-1

[Event "26th WSCC 2016 Open 65+"]
[Site "Marianske Lazne, Czech Republic - Hotel Cristal and Continental"]
[Date "2016.11.23"]
[Round "5.92"]
[White "Batakovs, Olegs"]
[Black "Marshall, Michael"]
[Result "1-0"]
[WhiteElo "2034"]
[BlackElo "1841"]
[PlyCount "89"]
[EventDate "2016.11.19"]

1. e4 c6 2. d4 d5 3. exd5 cxd5 4. c4 Nf6 5. Nc3 g6 6. Qb3 Bg7 7. cxd5 O-O 8.
Be2 Na6 9. Bf3 Qb6 10. Nge2 Qxb3 11. axb3 Nb4 12. O-O Rd8 13. d6 Rxd6 14. Nb5
Rd7 15. Rxa7 Rxa7 16. Nxa7 Rd8 17. Bd2 Nbd5 18. Nxc8 Rxc8 19. Nc3 e6 20. Ra1 h6
21. Kf1 Kf8 22. Ke2 Ke8 23. Ra7 Rc7 24. Nxd5 Nxd5 25. Kd3 Kd7 26. Bxd5 exd5 27.
Bf4 Rc6 28. Rxb7+ Ke6 29. Be3 g5 30. f4 g4 31. b4 Bf8 32. b5 Rc4 33. Bd2 f5 34.
Rb6+ Kf7 35. Rb7+ Ke6 36. b6 Rc6 37. b4 Bd6 38. b5 Rc8 39. Rh7 Rb8 40. Rxh6+
Ke7 41. Rh7+ Ke6 42. b7 Be7 43. g3 Bd6 44. Ba5 Be7 45. Bb6 1-0

[Event "26th WSCC 2016 Open 65+"]
[Site "Marianske Lazne, Czech Republic - Hotel Cristal and Continental"]
[Date "2016.11.23"]
[Round "5.93"]
[White "Toefferl, Heimo"]
[Black "Ingham, William"]
[Result "1-0"]
[WhiteElo "2033"]
[BlackElo "1814"]
[PlyCount "99"]
[EventDate "2016.11.19"]

1. d4 Nf6 2. c4 d6 3. Nc3 c6 4. e4 Nbd7 5. Bd3 e5 6. d5 Be7 7. Nge2 O-O 8. Ng3
Nc5 9. Bc2 cxd5 10. cxd5 b6 11. b4 Nb7 12. Rb1 Bd7 13. Bd3 a5 14. a3 axb4 15.
axb4 Qe8 16. O-O h5 17. Nxh5 Nxh5 18. Qxh5 Qc8 19. Qe2 Qxc3 20. Be3 Qc8 21.
Bxb6 f5 22. Rfc1 Qe8 23. Rc7 Nd8 24. f3 fxe4 25. fxe4 Nf7 26. Bf2 Bd8 27. Rb7
Bg5 28. b5 Bd8 29. b6 Nh6 30. h3 Bc8 31. Ra7 Rb8 32. b7 Bd7 33. Ra6 Nf7 34. Ba7
Bc7 35. Qc2 Qd8 36. Ra3 Ng5 37. Ba6 Nxe4 38. Qxe4 Bf5 39. Qe1 Bxb1 40. Qxb1 Qe7
41. Rc3 Rbd8 42. Qc2 Rf7 43. Rxc7 Qxc7 44. Qxc7 Rxc7 45. b8=Q Rxb8 46. Bxb8
Rc1+ 47. Kf2 Ra1 48. Be2 Kf7 49. Bxd6 Kf6 50. Bc7 1-0

[Event "26th WSCC 2016 Open 65+"]
[Site "Marianske Lazne, Czech Republic - Hotel Cristal and Continental"]
[Date "2016.11.23"]
[Round "5.94"]
[White "Andreas, Guenter"]
[Black "Kolek, Josef"]
[Result "1/2-1/2"]
[WhiteElo "2006"]
[BlackElo "1801"]
[PlyCount "96"]
[EventDate "2016.11.19"]

1. e4 c5 2. Nf3 Nc6 3. d4 cxd4 4. Nxd4 g6 5. Be3 Bg7 6. Nc3 d6 7. Qd2 Nf6 8.
Be2 O-O 9. f3 Bd7 10. Nb3 a6 11. Bh6 Rc8 12. Bxg7 Kxg7 13. Qe3 Ne5 14. Nd2 b5
15. a3 Be6 16. O-O Qc7 17. Rfc1 h5 18. Nd1 Qb7 19. Nf2 Bc4 20. Nd3 Bxd3 21.
Bxd3 Rc7 22. Be2 Rfc8 23. c3 Rd7 24. h3 Rcd8 25. f4 Nc6 26. Bf3 e5 27. Nb3 exf4
28. Qxf4 Ne5 29. Nd4 Nxf3+ 30. gxf3 Nh7 31. Kh1 Re8 32. Rg1 Re5 33. Nf5+ Rxf5
34. Qxf5 Re7 35. Rad1 Re5 36. Qf4 Qe7 37. Rd4 Qe6 38. Kh2 g5 39. Qg3 Nf6 40.
Qf4 Ng4+ 41. Rxg4 hxg4 42. Qxg4 Qe7 43. Qg2 Kf8 44. Qd2 Re6 45. Rd5 f6 46. Qd4
Kf7 47. Qb6 Kg6 48. Kg2 Rxe4 1/2-1/2

[Event "26th WSCC 2016 Open 65+"]
[Site "Marianske Lazne, Czech Republic - Hotel Cristal and Continental"]
[Date "2016.11.23"]
[Round "5.95"]
[White "Lacha, Jan"]
[Black "Kotva, Milan"]
[Result "0-1"]
[WhiteElo "1796"]
[BlackElo "1999"]
[PlyCount "92"]
[EventDate "2016.11.19"]

1. e4 e5 2. Nf3 Nc6 3. d4 exd4 4. Bc4 Nf6 5. e5 d5 6. Bb5 Ne4 7. Nxd4 Bc5 8.
Be3 Bd7 9. Bxc6 bxc6 10. O-O Qe7 11. f3 Nd6 12. Bf2 Bxd4 13. Qxd4 Nf5 14. Qc5
Qxc5 15. Bxc5 g6 16. Nd2 Ng7 17. c3 Ne6 18. Be3 a5 19. Nb3 Ke7 20. Rf2 Rhb8 21.
f4 Ng7 22. Bc5+ Ke8 23. Nd4 a4 24. Rb1 Bf5 25. Nxf5 Nxf5 26. g4 Rb5 27. gxf5
Rxc5 28. fxg6 hxg6 29. f5 gxf5 30. Rxf5 Ke7 31. Rbf1 Rg8+ 32. Kh1 Rg7 33. R5f4
a3 34. bxa3 Rxc3 35. R4f3 Rxf3 36. Rxf3 c5 37. a4 d4 38. a5 Rg6 39. Ra3 Ra6 40.
Kg2 Ke6 41. h4 Kxe5 42. h5 c4 43. Kf2 Kd5 44. Rf3 c5 45. Rf5+ Ke4 46. Rxc5 Kd3
0-1

[Event "26th WSCC 2016 Open 65+"]
[Site "Marianske Lazne, Czech Republic - Hotel Cristal and Continental"]
[Date "2016.11.23"]
[Round "5.96"]
[White "Benson, Lachlan"]
[Black "Mella, Aage"]
[Result "0-1"]
[WhiteElo "1988"]
[BlackElo "1781"]
[PlyCount "56"]
[EventDate "2016.11.19"]

1. e4 c5 2. Nf3 d6 3. d4 cxd4 4. Nxd4 Nf6 5. Nc3 a6 6. Be3 e6 7. Be2 Be7 8. Qd2
Qc7 9. O-O-O Nbd7 10. f3 b5 11. g4 Nb6 12. h4 b4 13. Nb1 d5 14. e5 Nfd7 15. f4
Nc4 16. Bxc4 dxc4 17. c3 Nc5 18. Qg2 Nd3+ 19. Kc2 Bb7 20. Qh2 Be4 21. Kd2 Nxb2
22. Rdg1 Nd3 23. Bf2 Bd5 24. Kd1 Rd8 25. Bg3 Qa5 26. f5 bxc3 27. Qc2 Bf3+ 28.
Nxf3 Nb4+ 0-1

[Event "26th WSCC 2016 Open 65+"]
[Site "Marianske Lazne, Czech Republic - Hotel Cristal and Continental"]
[Date "2016.11.23"]
[Round "5.97"]
[White "Davydov, Mihail"]
[Black "Filzmaier, Bruno"]
[Result "1-0"]
[WhiteElo "1986"]
[BlackElo "1760"]
[PlyCount "39"]
[EventDate "2016.11.19"]

1. e4 e6 2. d4 d5 3. e5 c5 4. c3 Qb6 5. Nf3 Nc6 6. a3 Nh6 7. b4 cxd4 8. Bxh6
gxh6 9. cxd4 Bd7 10. Ra2 Nxb4 11. axb4 Bxb4+ 12. Nbd2 O-O 13. Bd3 Bc3 14. Bxh7+
Kh8 15. Bb1 Bxd4 16. O-O f5 17. Nb3 Bc3 18. Qc1 Qxb3 19. Qxh6+ Kg8 20. Qg6+ 1-0

[Event "26th WSCC 2016 Open 65+"]
[Site "Marianske Lazne, Czech Republic - Hotel Cristal and Continental"]
[Date "2016.10.23"]
[Round "5.98"]
[White "Bohman, Leif"]
[Black "Baeta, Marcio Netto"]
[Result "0-1"]
[WhiteElo "1749"]
[BlackElo "1981"]
[PlyCount "96"]
[EventDate "2016.11.19"]

1. d4 f5 2. Nf3 Nf6 3. Bf4 d6 4. e3 g6 5. h3 Bg7 6. Nbd2 O-O 7. Be2 Nc6 8. O-O
Nh5 9. Bh2 e5 10. dxe5 dxe5 11. c3 Be6 12. Nc4 f4 13. e4 Qe7 14. Qc2 h6 15. Kh1
Kh7 16. Ng1 Qc5 17. Na3 Nd8 18. Bxh5 gxh5 19. Rfd1 Rf6 20. Nf3 Nf7 21. Bg1 Qe7
22. Rd2 Rg6 23. Rf1 Rg8 24. Bh2 Bf8 25. Rg1 a6 26. b4 Qf6 27. Nb1 Qg7 28. Nh4
Rg5 29. f3 Nd6 30. Na3 Bxh3 31. c4 Qf6 32. c5 Nf7 33. Nc4 Be7 34. a3 Nd8 35.
Nf5 Nc6 36. Qd3 Qf7 37. Nb2 Bxf5 38. exf5 Nd4 39. Bxf4 Nxf3 40. f6+ Kh8 41.
Bxg5 Nxg1 42. Bh4 Rg4 43. g3 e4 44. Qd7 Qg6 45. Kxg1 Rxh4 46. Rg2 Rg4 47. Kh2
Qxf6 48. Nd1 Qe5 0-1

[Event "26th WSCC 2016 Open 65+"]
[Site "Marianske Lazne, Czech Republic - Hotel Cristal and Continental"]
[Date "2016.11.23"]
[Round "5.99"]
[White "Birkestrand, Odd"]
[Black "Bauder, Herbert"]
[Result "0-1"]
[WhiteElo "1703"]
[BlackElo "1963"]
[PlyCount "100"]
[EventDate "2016.11.19"]

1. e4 c5 2. c3 Nf6 3. e5 Nd5 4. Nf3 Nc6 5. Be2 Nf4 6. O-O Nxe2+ 7. Qxe2 d5 8.
h3 e6 9. d4 cxd4 10. cxd4 Be7 11. Nc3 O-O 12. Be3 b6 13. Nh2 Nb4 14. Rfd1 Ba6
15. Qd2 Rc8 16. a3 Nc6 17. Rac1 Na5 18. Nb1 Bc4 19. Rc3 Qd7 20. b4 Nb7 21. Qb2
b5 22. Rdc1 a5 23. f4 Ra8 24. bxa5 Rxa5 25. Nd2 Rfa8 26. Nxc4 bxc4 27. Ra1 Ra4
28. Bc1 Na5 29. Nf3 Nb3 30. Rxb3 cxb3 31. Qxb3 h6 32. g4 Qa7 33. Rb1 Bxa3 34.
Be3 Rb4 35. Qd3 Rxb1+ 36. Qxb1 Bf8 37. g5 Qa1 38. Qxa1 Rxa1+ 39. Kf2 g6 40. Kg3
Ra3 41. Bf2 h5 42. h4 Bb4 43. Kg2 Kf8 44. Bg1 Ke7 45. Bf2 Kd7 46. Kg3 Kc6 47.
Kg2 Kb5 48. Nh2 Bd2 49. Bg3 Kc4 50. Nf3 Be3 0-1

[Event "26th WSCC 2016 Open 65+"]
[Site "Marianske Lazne, Czech Republic - Hotel Cristal and Continental"]
[Date "2016.11.23"]
[Round "5.100"]
[White "Bernhoeft, Erhard"]
[Black "Janda, Zdenek"]
[Result "0-1"]
[WhiteElo "1962"]
[BlackElo "2114"]
[PlyCount "132"]
[EventDate "2016.11.19"]

1. c4 e5 2. g3 Nc6 3. Nc3 g6 4. Bg2 Bg7 5. d3 Nge7 6. e3 O-O 7. Nge2 d6 8. O-O
f5 9. f4 Kh8 10. Rb1 a5 11. a3 Rb8 12. b4 axb4 13. axb4 b6 14. d4 exd4 15. exd4
Qd7 16. d5 Nd8 17. b5 Ng8 18. Nd4 Re8 19. Qd3 Qf7 20. Bb2 Nb7 21. Nc6 Nc5 22.
Qc2 Ra8 23. Rbe1 Bd7 24. Nb4 Nf6 25. Nd1 Re7 26. Nd3 Nce4 27. N1f2 Rae8 28. Re2
Nxf2 29. Rxe7 Qxe7 30. Nxf2 Qe3 31. Qc3 Qe7 32. Qc2 Kg8 33. Bd4 Ng4 34. Qc3
Nxf2 35. Bxg7 Ne4 36. Bxe4 fxe4 37. Bf6 Qf7 38. Re1 Bg4 39. Bd4 Qd7 40. Qe3 Bf3
41. Rf1 h5 42. Ba1 h4 43. Qd4 Qh7 44. gxh4 Rf8 45. Rf2 Rxf4 46. Ra2 Rf8 47. Ra7
Qh6 48. Bb2 Rc8 49. Kf1 e3 50. Qf6 Bg4 51. Qg5 Qf8+ 52. Bf6 Bh5 53. Ke1 Qf7 54.
Ra3 Rf8 55. Rxe3 Qxf6 56. Qxf6 Rxf6 57. Re8+ Rf8 58. Re7 Rf7 59. Re8+ Kg7 60.
Kd2 Kf6 61. Kd3 Kf5 62. Re1 Kg4 63. Re4+ Kh3 64. Kd4 Kxh2 65. Kc3 Kg3 66. Kb4
Bg4 0-1

[Event "26th WSCC 2016 Open 65+"]
[Site "Marianske Lazne, Czech Republic - Hotel Cristal and Continental"]
[Date "2016.11.23"]
[Round "5.101"]
[White "Zelenka, Pavel"]
[Black "De Giorgis, Georges"]
[Result "0-1"]
[WhiteElo "1563"]
[BlackElo "1653"]
[PlyCount "38"]
[EventDate "2016.11.19"]

1. d4 d5 2. c4 e6 3. Nc3 c6 4. Nf3 Be7 5. e3 Nd7 6. Bd3 Ngf6 7. Qc2 Bd6 8. c5
Bc7 9. b4 e5 10. dxe5 Nxe5 11. Nxe5 Bxe5 12. Bb2 O-O 13. O-O Bxh2+ 14. Kh1 Be5
15. Bf5 Ne4 16. g4 Qh4+ 17. Kg2 Qh2+ 18. Kf3 Bxf5 19. gxf5 Qh5+ 0-1

[Event "26th WSCC 2016 Open 65+"]
[Site "Marianske Lazne, Czech Republic - Hotel Cristal and Continental"]
[Date "2016.11.23"]
[Round "5.102"]
[White "Cao, Jorge"]
[Black "Londin, Milan"]
[Result "1/2-1/2"]
[WhiteElo "1962"]
[BlackElo "1754"]
[PlyCount "122"]
[EventDate "2016.11.19"]

1. d4 d5 2. c4 c6 3. Nc3 Nf6 4. Nf3 Bf5 5. e3 e6 6. Bd3 dxc4 7. Bxf5 exf5 8.
Ne5 Nd5 9. Nxc4 Nxc3 10. bxc3 Qd5 11. Nd2 Qxg2 12. Qf3 Qxf3 13. Nxf3 Nd7 14.
Rb1 b6 15. O-O Bd6 16. Kh1 Nf6 17. Nh4 g6 18. f3 Be7 19. Ng2 O-O 20. c4 Rfd8
21. Bb2 Nd7 22. a4 Re8 23. Rfd1 Bg5 24. Rd3 Re6 25. Kg1 Rc8 26. Rbd1 Ree8 27.
Kf2 a6 28. R1d2 b5 29. axb5 cxb5 30. cxb5 axb5 31. Rb3 Rb8 32. Rc2 Rb7 33. Ba3
Be7 34. Bxe7 Rxe7 35. Rcb2 Nf6 36. Rxb5 Rbd7 37. Rc5 Kg7 38. h4 Re6 39. Nf4
Red6 40. Rbc2 h6 41. Rc7 g5 42. hxg5 hxg5 43. Ne2 Kg6 44. R7c6 Kg7 45. R2c5 Rd5
46. Nc3 Rxc5 47. Rxc5 Kg6 48. Rc6 Kg7 49. Ke2 g4 50. fxg4 fxg4 51. Kd3 Nd5 52.
Nxd5 Rxd5 53. e4 Rg5 54. Rc2 f5 55. e5 g3 56. Rg2 Kf7 57. Ke3 Rg4 58. Kf3 Rxd4
59. Rxg3 Ke6 60. Rg8 Kxe5 61. Re8+ Kf6 1/2-1/2

[Event "26th WSCC 2016 Open 65+"]
[Site "Marianske Lazne, Czech Republic - Hotel Cristal and Continental"]
[Date "2016.11.23"]
[Round "5.103"]
[White "Schwertel, Johann"]
[Black "Horyna, Josef"]
[Result "0-1"]
[WhiteElo "1961"]
[BlackElo "1746"]
[PlyCount "160"]
[EventDate "2016.11.19"]

1. d4 Nf6 2. Nf3 g6 3. c3 d5 4. Bf4 Bg7 5. Nbd2 Nbd7 6. e3 c6 7. Bd3 O-O 8. h3
Re8 9. O-O Nh5 10. Bh2 e5 11. dxe5 Nxe5 12. Be2 Nxf3+ 13. Bxf3 Nf6 14. Qb3 Qb6
15. Rfe1 Ne4 16. Nxe4 dxe4 17. Be2 Qxb3 18. axb3 a6 19. b4 Be6 20. Red1 Rad8
21. Bc7 Rxd1+ 22. Rxd1 Rc8 23. Bb6 Kf8 24. h4 h5 25. f4 exf3 26. Bxf3 Bf6 27.
g3 Ke8 28. Kf2 Be5 29. e4 Bb3 30. Rd2 Be6 31. Be2 Ke7 32. Bc5+ Ke8 33. Be3 Rd8
34. Rxd8+ Kxd8 35. Bf4 Bg7 36. e5 Bf8 37. Ke3 Kc7 38. Kd2 Be7 39. Bg5 Bf8 40.
Bd1 Bg7 41. Bf4 Kb6 42. Be2 Kc7 43. c4 b5 44. b3 Bf8 45. Kc3 Bg7 46. Kd4 Bf8
47. Bd2 Kb6 48. c5+ Kc7 49. Bd1 Bg7 50. Bg5 Bf8 51. Ke4 Kd7 52. Kf4 Kc7 53. g4
hxg4 54. Bxg4 Bxb3 55. h5 gxh5 56. Bxh5 Be6 57. Bg4 Kd7 58. Bd1 a5 59. bxa5
Bxc5 60. Ke4 Bd5+ 61. Kf5 b4 62. Bd2 b3 63. Bc3 Kc7 64. Kf4 Ba3 65. Ke3 b2 66.
Bc2 Ba2 67. a6 b1=Q 68. Ba5+ Kb8 69. Bxb1 Bxb1 70. Kd4 Ka7 71. Bc7 Kxa6 72. Kc4
Kb7 73. Bd8 Kc8 74. Bf6 Kd7 75. Kb3 Be7 76. Bg7 Ke6 77. Kb2 Be4 78. Kc3 Kd5 79.
Bh8 Bd8 80. Bg7 Bc7 0-1

[Event "26th WSCC 2016 Open 65+"]
[Site "Marianske Lazne, Czech Republic - Hotel Cristal and Continental"]
[Date "2016.11.23"]
[Round "5.104"]
[White "Bernardo Jimenez, Fernando"]
[Black "Kosina, Vladimir"]
[Result "0-1"]
[WhiteElo "1926"]
[BlackElo "1715"]
[PlyCount "74"]
[EventDate "2016.11.19"]

1. e4 c5 2. Nc3 a6 3. f4 e6 4. Nf3 Be7 5. Be2 Qc7 6. O-O d6 7. d3 Nc6 8. Kh1
Nf6 9. a4 b6 10. Be3 Bb7 11. Qd2 h6 12. Qe1 Nd7 13. Qf2 O-O-O 14. d4 Nb4 15.
Rfc1 Nf6 16. Nd2 h5 17. Qf1 Ng4 18. Bg1 f5 19. Na2 Nc6 20. Bxa6 d5 21. e5 c4
22. Bxb7+ Kxb7 23. Nc3 g5 24. Nd1 Rdg8 25. a5 Nxa5 26. b4 Bxb4 27. c3 Be7 28.
Ne3 gxf4 29. Nxg4 hxg4 30. Qd1 Bh4 31. Rcb1 Ra8 32. Rb5 Qc6 33. Rab1 Ra6 34.
Qf1 Bg3 35. Rc5 Qd7 36. Nxc4 Nxc4 37. Rxc4 dxc4 0-1

[Event "26th WSCC 2016 Open 65+"]
[Site "Marianske Lazne, Czech Republic - Hotel Cristal and Continental"]
[Date "2016.11.23"]
[Round "5.105"]
[White "Prachar, Josef"]
[Black "Gudashvili, Gavazi"]
[Result "0-1"]
[WhiteElo "1918"]
[BlackElo "1617"]
[PlyCount "180"]
[EventDate "2016.11.19"]

1. d4 d5 2. c4 c6 3. Nf3 Nf6 4. Nc3 e6 5. Bg5 Bb4 6. cxd5 exd5 7. Qc2 Qa5 8.
Bxf6 gxf6 9. e3 Bg4 10. Nd2 Nd7 11. Nb3 Bxc3+ 12. bxc3 Qa3 13. Bd3 h6 14. f3
Be6 15. O-O Rg8 16. Kh1 O-O-O 17. e4 Qd6 18. c4 dxc4 19. Bxc4 Nb6 20. Be2 Kb8
21. Rfd1 Qf4 22. Rd2 Qg5 23. g3 Qe3 24. Rd3 Qg5 25. f4 Bxb3 26. Qxb3 Qg7 27.
Rb1 Qf8 28. a4 Qe7 29. Bf3 Rd7 30. a5 Nc8 31. e5 fxe5 32. Bxc6 Rc7 33. d5 Nd6
34. fxe5 Qxe5 35. Re3 Qf6 36. a6 b6 37. Rbe1 Rd8 38. Qb4 Qg5 39. Re5 Qf6 40.
Qg4 Rf8 41. Qe2 Nc8 42. Rf1 Qd6 43. Ref5 f6 44. Qf3 Rcf7 45. Rh5 Rh8 46. Qe3
Qe7 47. Qf4+ Qd6 48. Qh4 Ne7 49. Bb7 f5 50. Qf4 Qxf4 51. Rxf4 Rf6 52. g4 Rhf8
53. g5 hxg5 54. Rxg5 Kc7 55. Kg2 Kd6 56. Kf3 Ke5 57. Re4+ Kd6 58. Rd4 Rh8 59.
Kg3 Ng6 60. Kg2 f4 61. Kf3 Re8 62. Rd3 Ne5+ 63. Kf2 Nxd3+ 64. Kf3 Re2 65. Kxe2
f3+ 66. Kf1 b5 67. Bc6 b4 68. Rg7 Rh6 69. Bb5 Ne5 70. Rxa7 Rxh2 71. Rb7 Ra2 72.
a7 Ng4 73. Rb6+ Kc5 74. Ra6 Ne3+ 75. Kg1 f2+ 76. Kh1 Nc4 77. Bxc4 Kxc4 78. Rxa2
f1=Q+ 79. Kh2 Qf4+ 80. Kg1 Qg5+ 81. Kh2 Qh6+ 82. Kg1 Qg7+ 83. Kh2 Qh8+ 84. Kg1
Qa8 85. d6 b3 86. Ra4+ Kb5 87. Ra3 Kb4 88. Ra6 b2 89. Rb6+ Kc3 90. d7 Qxa7 0-1

[Event "26th WSCC 2016 Open 65+"]
[Site "Marianske Lazne, Czech Republic - Hotel Cristal and Continental"]
[Date "2016.11.23"]
[Round "5.109"]
[White "Gutt, Gregory"]
[Black "Weller, Karl"]
[Result "1/2-1/2"]
[WhiteElo "1766"]
[BlackElo "1969"]
[PlyCount "137"]
[EventDate "2016.11.19"]

1. e4 c5 2. Nf3 d6 3. d4 cxd4 4. Nxd4 Nf6 5. Bd3 e6 6. c3 a6 7. O-O Be7 8. Nd2
Nbd7 9. Re1 Qc7 10. a4 b6 11. Nf1 Bb7 12. Ng3 O-O 13. Bc2 Rfe8 14. Be3 Rad8 15.
Nf3 Ne5 16. Nxe5 dxe5 17. Qe2 Rd7 18. Rad1 Red8 19. Rxd7 Rxd7 20. f3 Bc5 21.
Nf1 Qc6 22. Bxc5 Qxc5+ 23. Qe3 Qc7 24. Rd1 Kf8 25. Rxd7 Nxd7 26. Nd2 a5 27. Kf2
h6 28. g3 Qd6 29. Nc4 Qc7 30. Qd3 Ba6 31. Qd6+ Qxd6 32. Nxd6 Ke7 33. Nb5 Bxb5
34. axb5 Kd6 35. b3 Kc5 36. Bd3 Nf6 37. h3 Ne8 38. Ke2 Nd6 39. Bc2 Kxb5 40. Bd1
Nb7 41. Ke3 Nc5 42. Ke2 a4 43. c4+ Kb4 44. bxa4 Kxc4 45. Kd2 Kb4 46. a5 Kxa5
47. Kc3 Kb5 48. Be2+ Kc6 49. Kb4 f5 50. Kc4 fxe4 51. fxe4 Nd7 52. Kb4 Kd6 53.
g4 g5 54. Kb5 Nc5 55. Bf3 Kc7 56. Bg2 Nd3 57. Bf1 Nf4 58. Kb4 Kc6 59. Bb5+ Kd6
60. Bf1 Nd5+ 61. exd5 exd5 62. Kb5 e4 63. Kxb6 d4 64. Bc4 d3 65. Kb5 Ke5 66.
Kb4 Kd4 67. Kb3 Ke5 68. Bxd3 Kd4 69. Be2 $11 1/2-1/2

[Event "26th WSCC 2016 Open 65+"]
[Site "Marianske Lazne, Czech Republic - Hotel Cristal and Continental"]
[Date "2016.11.23"]
[Round "5.110"]
[White "Mittelbach, Zdenek"]
[Black "Dvorak, Pavel"]
[Result "1/2-1/2"]
[WhiteElo "1944"]
[BlackElo "1753"]
[PlyCount "60"]
[EventDate "2016.11.19"]

1. c4 e5 2. Nc3 Nf6 3. Nf3 Nc6 4. e4 Bc5 5. Be2 O-O 6. O-O d6 7. d3 h6 8. h3
Be6 9. Na4 Bb6 10. Nxb6 axb6 11. Be3 Qe7 12. a3 Bd7 13. Nd2 Nd8 14. f4 exf4 15.
Bxf4 Ne6 16. Be3 Bc6 17. Qe1 Kh8 18. Qf2 Ng5 19. Qh4 Nfh7 20. Kh1 Rae8 21. Bd4
Nxe4 22. Qxe7 Ng3+ 23. Kg1 Nxe2+ 24. Qxe2 Rxe2 25. Nf3 Ng5 26. Nh4 Kg8 27. Rf2
Rxf2 28. Kxf2 g6 29. Be3 Kg7 30. Bxg5 hxg5 1/2-1/2

[Event "26th WSCC 2016 Open 65+"]
[Site "Marianske Lazne, Czech Republic - Hotel Cristal and Continental"]
[Date "2016.11.23"]
[Round "5.111"]
[White "Drozdov, Vladimir E"]
[Black "Siewert, Wolfgang"]
[Result "1-0"]
[WhiteElo "1919"]
[BlackElo "1753"]
[PlyCount "81"]
[EventDate "2016.11.19"]

1. e4 g6 2. d4 Bg7 3. Nf3 c5 4. d5 d6 5. Nc3 Nf6 6. Be2 O-O 7. O-O Bg4 8. Bf4
Nfd7 9. Qd2 Re8 10. Rfd1 Bxf3 11. Bxf3 Ne5 12. Be2 Na6 13. Bg3 Nc7 14. a4 Rb8
15. f4 Nd7 16. Rf1 b6 17. f5 Ne5 18. h4 h6 19. Nd1 a6 20. Ne3 b5 21. fxg6 fxg6
22. axb5 axb5 23. h5 e6 24. hxg6 Nxg6 25. dxe6 Rxe6 26. Nf5 Qg5 27. Qxg5 hxg5
28. Nxg7 Kxg7 29. Ra7 Ne5 30. Rxc7+ Kg6 31. Bxe5 Rxe5 32. Rff7 c4 33. Rfe7 Rxe7
34. Rxe7 d5 35. exd5 Rd8 36. Bf3 Kf5 37. Kf2 Ra8 38. d6 Ra2 39. d7 Rxb2 40.
d8=Q Rxc2+ 41. Be2 1-0

[Event "26th WSCC 2016 Open 65+"]
[Site "Marianske Lazne, Czech Republic - Hotel Cristal and Continental"]
[Date "2016.11.23"]
[Round "5.112"]
[White "Belokopyt, Boris"]
[Black "Peierl, Walter"]
[Result "0-1"]
[WhiteElo "1898"]
[BlackElo "1741"]
[PlyCount "80"]
[EventDate "2016.11.19"]

1. d4 Nf6 2. Nf3 d5 3. g3 Nbd7 4. Bg2 c6 5. O-O e6 6. b3 Bd6 7. c4 O-O 8. Nc3
Ne4 9. Nxe4 dxe4 10. Ng5 e3 11. Bxe3 h6 12. Ne4 Bc7 13. Nc3 f5 14. f4 Nf6 15.
h3 Ba5 16. Qc2 g5 17. Rac1 Nh5 18. Kh2 Bc7 19. Qd2 Kh7 20. Rf3 Rg8 21. c5 Qf6
22. fxg5 hxg5 23. Bf2 Ba5 24. Qd3 Bxc3 25. Qxc3 Bd7 26. e4 f4 27. g4 Ng7 28.
Qd3 Ne8 29. e5+ Qg6 30. Qxg6+ Kxg6 31. h4 Rh8 32. h5+ Kh6 33. b4 Nc7 34. Rb3 a5
35. bxa5 Rhb8 36. Be1 Ra7 37. a4 Nd5 38. Bxd5 cxd5 39. Rb6 Bc6 40. Rb4 Re8 {
...88 moves} 0-1

[Event "26th WSCC 2016 Open 65+"]
[Site "Marianske Lazne, Czech Republic - Hotel Cristal and Continental"]
[Date "2016.11.23"]
[Round "5.108"]
[White "Ramusch, Arnulf"]
[Black "Feco, Jan"]
[Result "1-0"]
[WhiteElo "2001"]
[BlackElo "1761"]
[PlyCount "80"]
[EventDate "2016.11.19"]

1. d4 Nf6 2. c4 e6 3. Nf3 d5 4. Bg5 h6 5. Bf4 Bb4+ 6. Nc3 O-O 7. e3 Nbd7 8. Qb3
Bxc3+ 9. bxc3 Re8 10. h3 c6 11. Bd3 Qa5 12. O-O dxc4 13. Bxc4 Nd5 14. Bd6 b5
15. Bb4 Nxb4 16. cxb4 Qd8 17. Bd3 e5 18. Be4 Bb7 19. Qc2 exd4 20. Nxd4 Rc8 21.
Nf5 Nf6 22. Rad1 Qc7 23. Nd6 Nxe4 24. Nxe4 Re6 25. Nc5 Re7 26. Rd4 Ba8 27. Rfd1
g6 28. Rd6 Rce8 29. Qb3 Kg7 30. Qc3+ Kg8 31. Qf6 Rf8 32. e4 a5 33. a3 axb4 34.
axb4 Qa7 35. Rd7 Rxd7 36. Rxd7 Qa2 37. f4 Qb1+ 38. Kh2 Qa2 39. f5 Qf2 40. Ne6
gxf5 1-0

[Event "26th WSCC 2016 Open 65+"]
[Site "Marianske Lazne, Czech Republic - Hotel Cristal and Continental"]
[Date "2016.11.23"]
[Round "5.113"]
[White "Auvinen, Esa"]
[Black "Hasberger, Walter"]
[Result "1-0"]
[WhiteElo "1887"]
[BlackElo "1739"]
[PlyCount "97"]
[EventDate "2016.11.19"]

1. e4 e6 2. d4 d5 3. Nc3 Bb4 4. e5 c5 5. a3 Bxc3+ 6. bxc3 Qc7 7. Nf3 Ne7 8. Bd3
c4 9. Be2 O-O 10. O-O Nbc6 11. a4 Bd7 12. Ba3 h6 13. Qd2 b6 14. h4 f5 15. h5
Rf7 16. Qf4 Kh7 17. Nh4 g5 18. hxg6+ Nxg6 19. Nxg6 Kxg6 20. Qh4 Qd8 21. Bh5+
Kg7 22. Qg3+ Qg5 23. Bxf7 Kxf7 24. Qxg5 hxg5 25. g3 Kg6 26. Kg2 Nd8 27. Bb4 Nf7
28. a5 bxa5 29. Rxa5 a6 30. Rfa1 Bc8 31. Rc5 Bd7 32. Rc7 Bb5 33. Rb7 Re8 34.
Be7 Nh6 35. Bf6 Nf7 36. Rh1 Ba4 37. Rb6 Bb5 38. Rb7 Bc6 39. Ra7 Bb5 40. Rb1 Rc8
41. Re7 Re8 42. Rxe8 Bxe8 43. Rb6 Bb5 44. Rxe6 a5 45. Bd8+ Kg7 46. Bxa5 g4 47.
Re7 Kg6 48. e6 Ng5 49. Rb7 1-0

[Event "26th WSCC 2016 Open 65+"]
[Site "Marianske Lazne, Czech Republic - Hotel Cristal and Continental"]
[Date "2016.11.23"]
[Round "5.114"]
[White "Scholtyssek, Werner"]
[Black "Patola, Eero"]
[Result "1/2-1/2"]
[WhiteElo "1734"]
[BlackElo "1862"]
[PlyCount "37"]
[EventDate "2016.11.19"]

1. c4 c5 2. Nf3 Nf6 3. Nc3 Nc6 4. g3 g6 5. d3 Bg7 6. Bg2 O-O 7. Bg5 h6 8. Bd2
d6 9. Qc1 Kh7 10. a3 Be6 11. O-O Qc8 12. Re1 Ng8 13. Rb1 f5 14. b4 cxb4 15.
axb4 Nf6 16. b5 Ne5 17. Nxe5 dxe5 18. Qa3 Rf7 19. Rec1 1/2-1/2

[Event "26th WSCC 2016 Open 65+"]
[Site "Marianske Lazne, Czech Republic - Hotel Cristal and Continental"]
[Date "2016.11.23"]
[Round "5.115"]
[White "Flockerzi, Armin"]
[Black "Brhlik, Antonin"]
[Result "1/2-1/2"]
[WhiteElo "1860"]
[BlackElo "1732"]
[PlyCount "178"]
[EventDate "2016.11.19"]

1. d4 Nf6 2. Nf3 d5 3. g3 e6 4. Bg2 b6 5. Nbd2 Bb7 6. b3 c5 7. Bb2 Nc6 8. c3
Bd6 9. O-O O-O 10. Re1 Re8 11. e3 Rc8 12. Ba3 cxd4 13. Bxd6 dxe3 14. Rxe3 Qxd6
15. h3 Red8 16. Qe1 Ba6 17. Rd1 Qc7 18. Rc1 Qd6 19. g4 Kf8 20. Bf1 Bxf1 21.
Kxf1 Re8 22. Rd1 Qc7 23. Kg1 Rcd8 24. Rc1 Qd6 25. Rd1 Qe7 26. Nf1 Ne4 27. c4
Nf6 28. cxd5 Nxd5 29. Red3 Ncb4 30. R3d2 Nc6 31. Ng3 Nf6 32. Ne5 Rxd2 33. Rxd2
Nxe5 34. Qxe5 Rd8 35. Rc2 Nd5 36. Kh2 Qd6 37. Qe4 h6 38. Qh7 Qe5 39. Re2 Qf6
40. Qc2 Qf4 41. Re4 Qd6 42. Rd4 Qe5 43. Rd2 Kg8 44. Qd3 Rc8 45. Re2 Qc7 46. Re4
Qc5 47. Qf3 Qc3 48. Qe2 Qf6 49. Nh5 Qg6 50. Rc4 Rxc4 51. bxc4 Nf6 52. Ng3 Qg5
53. Qd3 Qc5 54. Kg2 Qc6+ 55. f3 Qd7 56. Qe2 Qd4 57. h4 g5 58. hxg5 hxg5 59. Nf1
Nd7 60. Ng3 Ne5 61. Ne4 Nxc4 62. Nxg5 Qd2 63. Qxd2 Nxd2 64. Kf2 Kg7 65. Ke2 Nc4
66. Ne4 f6 67. Kd3 Ne5+ 68. Kc3 Nc6 69. Nd6 Kf8 70. f4 Ke7 71. Ne4 Kf7 72. Nd6+
Ke7 73. Ne4 f5 74. gxf5 exf5 75. Ng3 Ke6 76. a3 b5 77. Kd3 Ne7 78. Kd4 Kd6 79.
Nh5 Nc6+ 80. Kd3 Kd5 81. Ng3 Ne7 82. Nh5 a6 83. Ng3 a5 84. Kc3 Ke6 85. Kd4 b4
86. axb4 axb4 87. Kc4 Nc6 88. Kb3 Ne7 89. Kxb4 Nd5+ 1/2-1/2